000
00299nam a22001217a 4500
041
_a
ENG
100
_a
65.060.10
245
_a
Agricultural Tractors - Axle Power Determination - Test Procedurs
260
_a
New Delhi
_b
BIS
_c
1996
300
_a
6
650
_a
BIS Test Code
856
_u
BIS Test Code
999
_c
2014
_d
2014